000 00821nam a2200217Ii 4500
003 JO-AjNU
008 230605s9999||||xx |||||||||||||| ||und||
017 _a1996/9/1198
040 _aJO-AjNU
_bara
_erda
_cJO-AjNU
041 _aara
050 1 4 _aKMM1787..H85.1996
100 3 _aالحمصي ، محمد طلال ,
_eauthor
_946580
245 0 0 _aنظرية القضاء المستعجل في قانون أصول المحاكمات المدنية الأردني لسنة 1988 " دراسة مقارنة "
250 _aط1
264 3 1 _aعمان : دار البشير ، 1996
300 _a224ص
336 _atext
_btxt
_2rdacontent
337 _aunmediated
_bn
_2rdamedia
338 _avolume
_bnc
_2rdacarrier
650 4 _aقانون مدني -- محاكمات -- احكام قضائية -- الاردن
_946581
999 _aA20275
_c23843
_d23843